[Event "Charlotte IM-C MLK 2022"]
[Site "Charlotte"]
[Date "2022.01.16"]
[Round "6.5"]
[White "Ngo, Bach"]
[Black "Andrianov, Nikolay"]
[Result "1/2-1/2"]
[WhiteElo "2300"]
[BlackElo "1816"]
[Annotator "TA"]
[PlyCount "107"]
[EventDate "2022.01.13"]
[EventType "tourn"]
[EventCountry "USA"]
[SourceTitle "playchess.com"]
[Source "ChessBase"]
[SourceQuality "1"]

{[%evp 17,107,68,64,54,62,54,64,55,56,56,56,37,43,40,47,21,59,18,46,46,68,53,51,31,34,42,52,8,44,45,50,40,46,21,23,14,25,0,0,0,65,60,69,64,66,30,18,12,36,-22,-15,-26,0,0,0,0,0,0,0,0,0,0,0,0,0,0,0,0,0,0,0,0,0,0,0,0,0,0,0,0,0,0,0,0,0,0,0,0,0,0,0,0]} 1. d4 Nf6 2. Nf3 c5 3. d5 g6 4. Nc3 Bg7 5. e4 d6 6. Bb5+ Nbd7 7. a4 O-O 8. O-O a6 9. Be2 b6 10. Re1 {White is more active. A43: Schmid Benoni.} Bb7 11. h3 Ne8 {[#]} 12. Bc4 $146 {White is slightly better.} ({Predecessor:} 12. Bf4 Nc7 13. Bc4 Ne5 14. Nxe5 dxe5 15. Bg3 Qd6 16. Qe2 Kh8 17. Rad1 Bc8 18. f4 {1-0 (51) Alattar,G (1952)-Al Takrori,H (2007) Abu Dhabi 2016}) 12... Ne5 13. Nxe5 dxe5 14. Bf1 Qc7 15. h4 h5 16. Qf3 c4 17. Qe2 (17. Bd2 $14) 17... Rc8 18. Be3 Kh7 19. f3 Bh6 20. Bf2 Nd6 21. g3 {[%cal Oa4a5]} b5 22. Bh3 (22. a5 $14 {should be considered.}) 22... Ra8 (22... b4 $5 {[%cal Rb4c3]} 23. Na2 (23. Bxc8 bxc3 24. Bxb7 cxb2 $14) 23... a5 $11) 23. a5 Bc8 {[#]} 24. Bb6 $1 Qb7 25. Bg2 Bd7 26. Qf2 f6 27. f4 Bg4 28. Be3 b4 (28... Qd7 $11) 29. Na4 $14 f5 30. Nc5 Qb5 31. fxe5 Nxe4 32. Nxe4 fxe4 33. Qd2 (33. Bf4 $1 $14) 33... Bxe3+ $11 34. Rxe3 Bf3 (34... Qc5 $5 {[%cal Ra8d8]} 35. Kh1 (35. Bxe4 Bf3 $17) 35... Rad8 36. Bxe4 Bf5 $15) 35. Bxf3 {The position is equal.} exf3 36. Rf1 Qc5 ({Don't take} 36... Qxa5 37. Rexf3 Rxf3 38. Rxf3 Qa1+ 39. Kg2 Qxb2 40. d6 (40. Rf7+ Kg8 $11) 40... exd6 41. exd6 $16) 37. Qf2 {[%cal Oe3f3]} Qxd5 38. Rxf3 Rxf3 39. Qxf3 Qxf3 40. Rxf3 {[%mdl 4096] Endgame KR-KR} Rd8 41. Rf7+ Kg8 $1 42. Rxe7 Rd2 43. Rb7 b3 44. cxb3 Rxb2 {[#] And now ...c3 would win.} 45. e6 {Rb8+ is the strong threat.} Rxb3 46. Rc7 {Strongly threatening Rc8+.} Kf8 47. Rxc4 Rxg3+ 48. Kh2 Ra3 49. Rc5 Ke7 50. Rg5 Ra4 51. Kh3 Ra3+ 52. Kh2 Ra4 53. Kh3 Ra3+ 54. Kh2 {Weighted Error Value: White=0.10 (very precise) /Black=0.07 (flawless)} 1/2-1/2

[Event "Charlotte IM-C MLK 2022"]
[Site "Charlotte"]
[Date "2022.01.17"]
[Round "7.2"]
[White "Boehme, Sebastian"]
[Black "Ngo, Bach"]
[Result "1/2-1/2"]
[WhiteElo "2170"]
[BlackElo "2300"]
[Annotator "TA"]
[PlyCount "36"]
[EventDate "2022.01.13"]
[EventType "tourn"]
[EventCountry "USA"]
[SourceTitle "playchess.com"]
[Source "ChessBase"]
[SourceQuality "1"]

{[%evp 9,25,0,6,-12,-10,-4,0,0,3,4,12,-9,-8,-5,1,0,0,1]} 1. d4 Nf6 2. Bf4 d5 3. e3 e6 4. Nd2 Bd6 5. Bg3 c5 {The position is equal.} 6. c3 {D00: 1 d4 d5: Unusual lines.} O-O 7. Ngf3 b6 8. Bd3 Ba6 9. Bxa6 Nxa6 10. Ne5 Qc7 11. O-O Nd7 12. Nxd7 Qxd7 13. Bxd6 {[#] A rather calm draw.  Weighted Error Value: White=0.05 (flawless) /Black=0.03 (flawless)} {Predecessor:} Qxd6 $146 14. Qe2 Nc7 15. Rfd1 e5 16. dxe5 Qxe5 17. Nf3 Qe7 18. Qc2 Rad8 {½-½ (30) Annaberdiev,M (2532)-Arat,U (2368) Ankara 2019} 1/2-1/2

[Event "Charlotte IM-C MLK 2022"]
[Site "Charlotte"]
[Date "2022.01.17"]
[Round "7.3"]
[White "Martin Del Campo Cardenas, Roberto Abel"]
[Black "Sethuraman, Sandeep"]
[Result "1/2-1/2"]
[WhiteElo "2261"]
[BlackElo "2361"]
[Annotator "TA"]
[PlyCount "43"]
[EventDate "2022.01.13"]
[EventType "tourn"]
[EventCountry "USA"]
[SourceTitle "playchess.com"]
[Source "ChessBase"]
[SourceQuality "1"]

{[%evp 19,43,-12,35,-43,-52,-51,-56,-66,-64,-62,-52,-64,-64,-74,-68,-69,-66,-71,-58,-66,-41,-52,-56,-45,-47,-34]} 1. e4 c5 2. Nc3 d6 3. g3 g6 4. Bg2 Bg7 5. d3 Nc6 {[%cal Bb8c6,Bc6d4,Bd4f3][%mdl 32]} 6. f4 e6 7. Nf3 Nge7 8. O-O O-O 9. Be3 Nd4 {9...b6 injects fresh life into this line.} 10. Qd2 d5 (10... Bd7 $11) 11. Nd1 {B25: Closed Sicilian: 3 g3, lines without early Be3.} ({White should try} 11. Nh4 $14) 11... Nxf3+ $1 $15 12. Bxf3 d4 13. Bf2 e5 $1 14. Bg2 {Inhibits Bh3.} Be6 {[#]} 15. Qe2 $146 ({Predecessor:} 15. fxe5 Qd7 16. c4 Nc6 17. Be1 Nxe5 18. Nf2 h5 19. h3 b5 20. b3 bxc4 21. bxc4 {0-1 (39) Machalova,M (2016)-Mouiwid,J (2245) Dunajska Streda 1999}) 15... Qd7 16. Be1 exf4 17. gxf4 f5 18. Bd2 fxe4 19. dxe4 {Black is slightly better.} Nc6 20. Nf2 c4 21. e5 Rad8 22. Ne4 {Weighted Error Value: White=0.19 (very precise) /Black=0.06 (flawless)} 1/2-1/2

[Event "Charlotte IM-C MLK 2022"]
[Site "Charlotte"]
[Date "2022.01.17"]
[Round "7.5"]
[White "Wu, Derek"]
[Black "Adewumi, Tanitoluwa"]
[Result "0-1"]
[WhiteElo "2158"]
[BlackElo "2136"]
[Annotator "TA"]
[PlyCount "102"]
[EventDate "2022.01.13"]
[EventType "tourn"]
[EventCountry "USA"]
[SourceTitle "playchess.com"]
[Source "ChessBase"]
[SourceQuality "1"]

{[%evp 16,102,0,-7,8,2,8,0,0,-16,-7,-38,-29,-20,-16,-33,-8,-39,0,-22,-16,-11,-25,-28,-16,-16,-16,-16,-16,-25,-16,-28,-8,-19,-9,-6,0,-19,0,0,-7,-25,-25,-18,-24,-81,-97,-133,-130,-173,-172,-208,-133,-124,-125,-120,-88,-103,-81,-103,-98,-96,-50,-105,-107,-138,-150,-218,-218,-414,-312,-389,-326,-809,-794,-799,-799,-791,-772,-788,-758,-696,-647,-693,-509,-1508,-1508,-29995,-29996]} 1. d4 Nf6 2. c4 e6 3. Nc3 Bb4 4. Qc2 O-O 5. Nf3 d6 6. g3 b6 7. Bg2 Bb7 8. Bg5 Nbd7 9. O-O Bxc3 {E12: Queen's Indian: Unusual White 4th moves, 4 a3, 4 Nc3 Bb7 5 a3 and 4 Nc3 Bb7 .} 10. Qxc3 h6 11. Be3 {[#]} Qe7 $146 {The position is equal.} ({Predecessor:} 11... a5 12. a3 a4 13. Rac1 Qe7 14. Nd2 Bxg2 15. Kxg2 c5 16. Nf3 e5 17. dxe5 dxe5 {0-1 (40) Basson,H (1251)-Timing,J (1254) LSS email 2014}) 12. Rad1 Rfd8 13. Qc2 {[%cal Od4d5]} Be4 14. Qc1 c5 15. b3 Rac8 16. Qb2 Nb8 {[%cal Bd7b8,Bb8c6,Bc6d4][%mdl 32]} 17. Rc1 Nc6 18. Rfd1 e5 19. dxe5 dxe5 20. Bh3 Rb8 21. Nd2 Bg6 22. Nb1 Nd4 23. Nc3 Bh5 24. Re1 Rd6 25. Bg2 $1 Rbd8 26. b4 cxb4 27. Qxb4 Qe6 28. h3 (28. Qa3 $5 {[%cal Ra3a7]}) 28... Rc8 29. Nb5 Rd7 {[%cal Bd6d7,Bd7d4,Bd4c4][%mdl 32]} 30. Nxd4 (30. g4 $11 {remains equal.} Bg6 31. Qb2) 30... exd4 $17 31. Bf4 Bxe2 32. Bf1 (32. Bd5 $17 Qe8 33. Bf3) 32... d3 $19 33. Kh2 Rd4 {[%cal Rc8c4]} 34. Bxe2 dxe2 35. Qb2 {[%csl LRd4,LRe2]} Rdxc4 {Black is much more active.} 36. Rxe2 Qd5 37. Rce1 {[%cal Of4h6]} Ne4 38. Qb3 {[%cal Oe2e4] [#] Threatens to win with Rxe4!} Nc5 (38... f5 $17) 39. Qb5 ({White should try} 39. Rd1 $1 $15 Nxb3 40. Rxd5) 39... Rd4 $36 {[%mdl 2048] Black is really pushing.} 40. Re8+ Rxe8 41. Qxe8+ (41. Rxe8+ $17 {might work better.} Kh7 42. Qb1+ Nd3 43. Re5) 41... Kh7 $19 {And now ...Nd3 would win.} 42. Qe7 $2 (42. Qe5) 42... Qxa2 43. Re2 Qd5 44. h4 $2 (44. Qe5) 44... Rd1 {[%csl Gd5][%cal Rd1h1] [#]} 45. Re1 {Prevents Rh1+.} Rxe1 46. Qxe1 Nd3 47. Qb1 f5 48. Be3 Qe4 49. Qa1 Ne5 50. Qxa7 (50. Kg1 $142 b5 51. Qd1) 50... Nf3+ 51. Kh3 Ne1 {Weighted Error Value: White=0.58/Black=0.20 (precise)} 0-1

[Event "Charlotte IM-C MLK 2022"]
[Site "Charlotte"]
[Date "2022.01.17"]
[Round "8.1"]
[White "Fishbein, Mitch"]
[Black "Adewumi, Tanitoluwa"]
[Result "1-0"]
[WhiteElo "2129"]
[BlackElo "2136"]
[Annotator "TA"]
[PlyCount "98"]
[EventDate "2022.01.13"]
[EventType "tourn"]
[EventCountry "USA"]

{[%evp 13,98,7,32,27,27,0,8,0,0,0,9,12,14,11,16,8,17,0,0,0,25,5,12,6,6,0,0,0,0,0,0,0,0,-12,-4,-11,6,6,20,0,7,-5,14,0,38,26,40,37,72,79,327,318,299,296,360,362,418,397,388,383,365,344,608,596,543,520,596,531,792,747,966,953,1531,760,684,686,815,707,1178,1003,1756,1290,2372,2470,7532,6211,1049]} 1. d4 Nf6 2. c4 e6 3. Nc3 Bb4 4. e3 O-O 5. Bd2 b6 6. Nf3 Bb7 7. Bd3 c5 8. a3 $1 {[%mdl 4] outshines the older 8.0-0. E43: Nimzo-Indian: Rubinstein: 4...b6.} Ba5 9. dxc5 bxc5 10. O-O {The position is equal.} d6 {[%cal Bd7d6,Bd6d5,Bd5d4,Bd4d3][%mdl 32] [#]} 11. Be2 $146 ({Predecessor:} 11. Nb5 Bxd2 12. Qxd2 Bxf3 13. gxf3 d5 14. Nc3 dxc4 15. Bxh7+ Nxh7 16. Qc2 Qh4 17. Kh1 {0-1 (28) Nelson,J (1590)-Walther,J (2243) ICCF email 2016}) 11... Qe7 {[#]} 12. Nd5 $1 exd5 (12... Nxd5 13. Bxa5) 13. Bxa5 dxc4 14. Bxc4 {A strong pair of Bishops.} d5 15. Be2 Nc6 16. Bc3 Rad8 17. Bxf6 Qxf6 18. Qc2 d4 19. Qxc5 d3 20. Bd1 Qxb2 21. Ba4 Qf6 $1 22. Rab1 Ba8 23. Bxc6 Bxc6 24. Nd2 Rd5 25. Qxa7 Rg5 26. f3 Qc3 27. Rbd1 Re8 28. Rfe1 Rb5 29. Qd4 $1 Qxd4 30. exd4 Rxe1+ ({Don't play} 30... Re2 31. Kf1 $16) 31. Rxe1 $11 {[%mdl 4096] Endgame KRB-KRN} Rb2 $2 {[#] A mistake that costs the game.} (31... Rd5 $16) 32. Rb1 $1 $18 Rxb1+ 33. Nxb1 {KB-KN} Ba4 34. Kf2 Bc2 35. Nd2 Kf8 36. Ke3 Ke7 37. Ne4 f5 $2 (37... Kd7 38. Nc5+ Kc6) 38. Nc5 {White is clearly winning.} f4+ 39. Kd2 g5 40. Nxd3 Bb3 41. Kc3 Bd1 42. d5 Be2 43. Kd4 (43. a4 $142 Kd6 44. Kd4) 43... Bf1 44. Ne1 Kd6 45. a4 {[%cal Ba3a4,Ba4a5][%mdl 32]} h5 46. Ke4 Be2 47. a5 {Strongly threatening Nd3.} Bf1 48. Kf5 Kxd5 49. Kxg5 Ke5 {Weighted Error Value: White=0.09 (flawless) /Black=0.34} 1-0

[Event "Charlotte IM-C MLK 2022"]
[Site "Charlotte"]
[Date "2022.01.17"]
[Round "8.2"]
[White "Vanapalli, Vishnu"]
[Black "Wu, Derek"]
[Result "1/2-1/2"]
[WhiteElo "2101"]
[BlackElo "2158"]
[Annotator "ChessBase"]
[PlyCount "85"]
[EventDate "2022.01.13"]
[EventType "tourn"]
[EventCountry "USA"]
[TimeControl "5400+30"]

1. c4 {[%emt 0:02:06]} e6 {[%emt 0:00:02]} 2. g3 {[%emt 0:00:31]} d5 {[%emt 0:00:03]} 3. Bg2 {[%emt 0:00:16]} Nf6 {[%emt 0:00:01]} 4. Nf3 {[%emt 0:00:14]} Be7 {[%emt 0:00:01]} 5. O-O {[%emt 0:00:25]} O-O {[%emt 0:00:04]} 6. b3 {[%emt 0:00:14]} c5 {[%emt 0:00:11]} 7. Bb2 {[%emt 0:00:45]} d4 {[%emt 0:00:23]} 8. e3 {[%emt 0:00:16]} Nc6 {[%emt 0:00:02]} 9. exd4 {[%emt 0:00:25]} cxd4 {[%emt 0:00:02]} 10. Re1 {[%emt 0:00:23]} Re8 {[%emt 0:00:14]} 11. d3 {[%emt 0:27:53]} Bc5 {[%emt 0:00:39]} 12. Ba3 {[%emt 0:16:10]} Nd7 {[%emt 0:02:02]} 13. Bxc5 {[%emt 0:16:01]} Nxc5 {[%emt 0:01:04]} 14. Ne5 {[%emt 0:01:45]} Nxe5 {[%emt 0:01:36]} 15. Rxe5 {[%emt 0:00:58]} Qd6 {[%emt 0:00:19]} 16. Re1 {[%emt 0:00:43]} a5 {[%emt 0:02:27]} 17. Na3 {[%emt 0:01:41]} e5 {[%emt 0:01:17]} 18. Nb5 {[%emt 0:02:52]} Qd8 {[%emt 0:00:35]} 19. a3 {[%emt 0:03:27]} Bf5 {[%emt 0:03:17]} 20. Bf1 {[%emt 0:00:30]} Ra6 {[%emt 0:06:59]} 21. Rb1 {[%emt 0:08:28]} e4 {[%emt 0:14:07]} 22. dxe4 {[%emt 0:01:53]} Rxe4 {[%emt 0:01:10]} 23. Rxe4 {[%emt 0:01:39]} Bxe4 {[%emt 0:00:04]} 24. Rb2 {[%emt 0:01:31]} d3 {[%emt 0:02:55]} 25. Nc3 {[%emt 0:05:35]} Bg6 {[%emt 0:04:26]} 26. Nd5 {[%emt 0:01:57]} Qg5 {[%emt 0:07:36]} 27. b4 {[%emt 0:01:23]} axb4 {[%emt 0:00:17]} 28. axb4 {[%emt 0:00:30]} Qe5 {[%emt 0:00:35]} 29. Qd2 {[%emt 0:03:27]} Ne4 {[%emt 0:01:58]} 30. Qxd3 {[%emt 0:00:26]} Nxf2 {[%emt 0:02:26]} 31. Qc3 {[%emt 0:00:32]} Qxc3 {[%emt 0:05:05]} 32. Nxc3 {[%emt 0:00:13]} Ng4 {[%emt 0:00:55]} 33. c5 {[%emt 0:00:48]} Ra3 {[%emt 0:01:21]} 34. Ra2 {[%emt 0:00:08]} Rxa2 {[%emt 0:00:01]} 35. Nxa2 {[%emt 0:00:00]} Be4 {[%emt 0:00:02]} 36. Nc3 {[%emt 0:00:39]} Bf5 {[%emt 0:00:34]} 37. Bg2 {[%emt 0:00:14]} Bc8 {[%emt 0:00:28]} 38. Nd5 {[%emt 0:00:58]} Bd7 {[%emt 0:00:40]} 39. Nb6 {[%emt 0:00:50]} Bc6 {[%emt 0:00:02]} 40. Bxc6 {[%emt 0:00:53]} bxc6 {[%emt 0:00:00]} 41. Nc4 {[%emt 0:00:01]} Kf8 {[%emt 0:03:02]} 42. Kg2 {[%emt 0:00:26]} f6 {[%emt 0:01:34]} 43. Nd6 {[%emt 0:01:03]} 1/2-1/2

[Event "Charlotte IM-C MLK 2022"]
[Site "Charlotte"]
[Date "2022.01.17"]
[Round "8.4"]
[White "Ngo, Bach"]
[Black "Martin Del Campo Cardenas, Roberto Abel"]
[Result "1-0"]
[WhiteElo "2300"]
[BlackElo "2261"]
[Annotator "ChessBase"]
[PlyCount "55"]
[EventDate "2022.01.13"]
[EventType "tourn"]
[EventCountry "USA"]
[TimeControl "5400+30"]

1. d4 {[%emt 0:00:04]} Nf6 {[%emt 0:01:07]} 2. Nf3 {[%emt 0:00:10]} d6 {[%emt 0:02:01]} 3. Nc3 {[%emt 0:00:13]} Bf5 {[%emt 0:00:46]} 4. Bf4 {[%emt 0:00:16]} c6 {[%emt 0:01:30]} 5. h3 {[%emt 0:01:07]} Qb6 {[%emt 0:08:57]} 6. Rb1 {[%emt 0:01:25]} h6 {[%emt 0:04:35]} 7. e3 {[%emt 0:00:20]} Nbd7 {[%emt 0:01:27]} 8. Bd3 {[%emt 0:01:42]} Bxd3 {[%emt 0:04:14]} 9. cxd3 {[%emt 0:01:09]} g5 {[%emt 0:08:20]} 10. Bg3 {[%emt 0:00:32]} Bg7 {[%emt 0:01:00]} 11. b4 {[%emt 0:04:45]} a5 {[%emt 0:06:58]} 12. b5 {[%emt 0:01:09]} a4 {[%emt 0:01:32]} 13. bxc6 {[%emt 0:04:26]} Qxc6 {[%emt 0:00:05]} 14. Qd2 {[%emt 0:03:03]} h5 {[%emt 0:13:43]} 15. Ke2 {[%emt 0:23:27]} h4 {[%emt 0:05:31]} 16. Bh2 {[%emt 0:00:10]} g4 {[%emt 0:00:25]} 17. hxg4 {[%emt 0:00:17]} Nxg4 {[%emt 0:01:30]} 18. Nb5 {[%emt 0:00:20]} Nxh2 {[%emt 0:03:28]} 19. Nxh2 {[%emt 0:00:11]} Kf8 {[%emt 0:03:45]} 20. Nf3 {[%emt 0:00:54]} d5 {[%emt 0:04:28]} 21. Rhc1 {[%emt 0:03:15]} Qg6 {[%emt 0:01:57]} 22. Nc7 {[%emt 0:00:17]} Rd8 {[%emt 0:01:05]} 23. Nxd5 {[%emt 0:00:36]} Qxg2 {[%emt 0:02:28]} 24. Rxb7 {[%emt 0:02:17]} Nf6 {[%emt 0:02:29]} 25. Nf4 {[%emt 0:01:34]} Qg4 {[%emt 0:00:26]} 26. Qb4 {[%emt 0:00:30]} Ng8 {[%emt 0:01:07]} 27. Rb8 {[%emt 0:01:33]} Qd7 {[%emt 0:00:27]} 28. Qb7 {[%emt 0:48:48]} 1-0

[Event "Charlotte IM-C MLK 2022"]
[Site "Charlotte"]
[Date "2022.01.17"]
[Round "8.5"]
[White "Andrianov, Nikolay"]
[Black "Boehme, Sebastian"]
[Result "1-0"]
[WhiteElo "1816"]
[BlackElo "2170"]
[Annotator "TA"]
[PlyCount "113"]
[EventDate "2022.01.13"]
[EventType "tourn"]
[EventCountry "USA"]

{[%evp 16,113,11,12,16,0,0,0,0,0,12,20,12,12,30,22,60,56,77,80,94,95,169,165,173,153,146,161,170,137,371,366,354,367,495,346,346,340,340,191,185,196,297,218,211,196,273,266,266,266,259,250,252,260,339,334,467,402,517,508,1193,779,658,594,1243,768,811,0,868,856,1183,1111,2120,1695,6815,5933,12840,12840,12844,12844,12848,12849,12850,27999,27999,27996,27999,27997,27998,27998,27999,27999,27998,27998,27999,27999,27998,27999,27999,27999]} 1. Nf3 e6 2. g3 b5 3. Bg2 Bb7 4. O-O Nf6 5. d4 c5 6. c3 cxd4 7. cxd4 Be7 8. Bg5 O-O 9. Qd3 d5 {[#] A46: 1 d4 Nf6 2 Nf3 e6: Torre, London and Colle Systems.} 10. Qxb5 $146 ({Predecessor:} 10. Rc1 b4 11. a3 bxa3 12. Nxa3 a5 13. Ne5 h6 14. Bf4 Qb6 15. Qb5 Ra6 16. h4 Nc6 17. e3 Nxe5 18. Bxe5 {½-½ (32) Riccio,E (2534)-Kruse,H (2756) FICGS email 2019}) 10... Ba6 11. Qa4 Bxe2 {The position is equal.} 12. Rc1 Bxf3 13. Bxf3 {[%cal Bg2f3,Bf3e2,Be2d3][%mdl 32]} Nbd7 14. Nd2 Qb6 15. Nb3 Rfc8 16. Be2 Qd8 17. Rxc8 {White stays focused until the end.} Rxc8 18. Qxa7 Rc2 (18... h6 $16 {is a better defense.} 19. Bd2 Ra8) 19. Bd3 $18 Rc8 (19... Rxb2 $2 20. Bc1 Rxb3 21. axb3 $18) 20. Rc1 Ra8 {[#]} 21. Qb7 {White is much more active.} Nf8 22. Bf4 {[%cal Oa2a4] Strongly threatening a4! A strong pair of Bishops.} Rxa2 $2 (22... Ne8 $16 23. a3 Ng6) 23. Rc8 Qd7 24. Rc7 Qa4 {[%cal Oa2b2]} 25. Rxe7 Rxb2 {[#]} 26. Rxf7 $1 {[%cal Ob7e7] Threatening mate with Qe7!} N6d7 {[#]} 27. Rxf8+ Nxf8 28. Bd6 {[%cal Ob7c8] White threatens Qc8! and mate.} ({But not} 28. Be5 Qd7 29. Qxd7 Nxd7 $16) 28... Qd7 {Inhibits Qc8.} (28... Qa1+ $142 29. Nxa1 Rxb7) 29. Qxd7 Nxd7 30. Nc5 Rd2 {[#]} (30... Nf6 $142 31. f3 (31. Nxe6 Rb6 $11) 31... Ne8) 31. Bxh7+ $1 {[%mdl 512]} Kxh7 32. Nxd7 {Threatens to win with Be5.} Rxd4 33. Nf8+ Kg8 {[%cal Oe6e5]} 34. Nxe6 Ra4 35. Be5 g6 36. h4 Re4 37. f4 Re2 (37... Ra4 $142 38. Kf2 Ra6) 38. Kf1 Rd2 39. Nd4 {And now g4 would win.} Kf7 40. Nf3 Rc2 41. Nd4 Rd2 42. g4 Rh2 43. Nf3 Ra2 44. Ng5+ Kg8 45. f5 gxf5 46. gxf5 Ra4 47. f6 Ra7 48. f7+ Rxf7+ 49. Nxf7 Kxf7 {[%mdl 4096] Endgame KB-KP. White mates.} 50. Kf2 Ke6 51. Bd4 Kf5 52. Kf3 Kg6 53. Kg4 Kh6 54. h5 {[%cal Bh4h5,Bh5h6][%mdl 32]} Kh7 55. Kg5 Kg8 56. Kg6 Kf8 57. h6 {Weighted Error Value: White=0.33/Black=0.49} 1-0

[Event "Charlotte IM-C MLK 2022"]
[Site "Charlotte"]
[Date "2022.01.18"]
[Round "9.1"]
[White "Boehme, Sebastian"]
[Black "Fishbein, Mitch"]
[Result "1-0"]
[WhiteElo "2170"]
[BlackElo "2129"]
[Annotator "TA"]
[PlyCount "213"]
[EventDate "2022.01.13"]
[EventType "tourn"]
[EventCountry "USA"]
[SourceTitle "playchess.com"]
[Source "ChessBase"]
[SourceQuality "1"]

{[%evp 15,213,41,48,29,32,34,41,58,45,45,68,40,38,0,-13,-8,-8,-14,0,-41,-10,-35,-22,-62,-62,-124,-131,-128,-77,-83,-79,-59,-62,-61,-67,-75,-82,-85,-31,-25,0,0,0,0,63,58,43,65,64,25,121,114,317,339,287,25,26,20,25,68,54,18,67,49,47,39,36,29,42,0,14,0,0,0,0,8,12836,12836,12850,27999,27999,27999,27999,27999,27999,27999,27999,27999,27999,27999,27999,27999,27999,27999,27999,27999,27999,27999,27999,27999,27999,27999,27999,27999,27999,27999,27999,27999,27999,27999,27999,27999,27999,27999,27999,27999,27999,27999,27999,27999,27999,27999,27999,27999,27999,27999,27999,27999,27999,27999,27999,27999,27999,27999,27999,27999,27999,27999,27999,27999,27999,27999,27999,27999,27999,27999,27999,27999,27999,27999,27999,27999,27999,27999,27999,27999,27999,27999,27999,27999,27999,27999,27999,27999,27999,27999,27999,27999,27999,27999,27999,27999,27999,27999,27999,27999,27999,27999,27999,27999,27999,27999,27999,27999,27999,27999,27999,27999,27999,27999,27999,27999,27999,27999,27999,27999,27999,27999,27999,27999]} 1. d4 Nf6 2. Bf4 Nc6 3. Nc3 d6 4. e4 g6 5. Qd2 Bg7 6. O-O-O O-O 7. Bh6 e5 8. Bxg7 Kxg7 9. d5 {B07: Pirc Defence: Miscellaneous Systems.} Nd4 10. Nge2 c5 11. dxc6 $1 {White is slightly better.} Nxc6 12. f3 {[#]} Qa5 $146 ({Predecessor:} 12... h5 13. h3 Be6 14. f4 Qb6 15. Kb1 Nb4 16. a3 Nxc2 17. Qxc2 Bb3 18. Qd3 Bxd1 19. Nxd1 {½-½ (35) Broennimann,P-Mislin,R (2353) ICCF email 2015}) 13. Kb1 (13. Qxd6 Be6 $11) 13... Be6 14. Nd5 (14. Qxd6 $2 Rad8 15. Qa3 Rxd1+ 16. Nxd1 Qe1 $19) (14. g4 $14) 14... Qxd2 $11 15. Rxd2 Bxd5 16. exd5 Ne7 17. Nc3 (17. c4 $11) 17... Rfc8 18. a4 a6 19. g3 Rc5 (19... h5 {is more complex.} 20. Be2 Rc5 21. Ne4 Nxe4 22. fxe4 f5) 20. f4 (20. Be2 $15) 20... exf4 $17 (20... Nexd5 21. Nxd5 Rxd5 22. Rxd5 Nxd5 23. Bg2 $11) 21. gxf4 Nexd5 ({Black should play} 21... Rac8 22. f5 Nxf5) 22. Nxd5 Rxd5 23. Rxd5 Nxd5 {[%mdl 4096] Endgame KRB-KRN} 24. Bg2 Nxf4 25. Bxb7 Ra7 26. Bf3 a5 (26... Kf6 $17) 27. Rd1 $15 Ra6 28. Ka2 Ne6 29. c3 Nc5 (29... f5 $11) 30. Ka3 $1 $14 {White is more active.} f5 31. Be2 $1 Ra7 32. Rxd6 Re7 {[#]} (32... Ne4 $11 {keeps the balance.} 33. Ra6 Re7) 33. Bb5 $1 $16 {And now b4 would win.} Re1 $2 (33... Ne4 $16 {was called for.} 34. Rd3 (34. Ra6 f4 $14) 34... Nc5) 34. b4 $18 axb4+ 35. Kxb4 $2 ({Only move:} 35. cxb4 $18 Ne4 36. Rd8) 35... Ne4 $11 36. Rd7+ Kf6 37. Bd3 Ke6 38. Rxh7 {Black must now prevent a5.} Nf6 (38... Rd1 $11 39. Bxe4 fxe4) 39. Bc4+ Kd6 40. Rh6 Rb1+ 41. Ka3 Kc5 42. Ba2 (42. Bd3 $14 Rc1 43. Kb2 (43. Rxg6 Rxc3+ 44. Kb2 Rxd3 $11)) 42... Rg1 43. Bf7 Ra1+ 44. Kb3 Ne4 $1 ({Don't play} 44... Rb1+ 45. Kc2 Rf1 46. Bxg6 $16 (46. Rxg6 Ne4 $16)) 45. Bxg6 Nxc3 $2 {[%mdl 8192] White now steadily converts the win.} 46. Kxc3 $18 Rxa4 47. Bxf5 $11 {KRB-KR} Kd5 {White mates.} 48. Kd2 Ke5 49. Bd3 Rf4 50. Ke3 Rf6 51. Rh8 Rf7 52. Be4 Kf6 53. Ra8 Kg7 54. Ra6 Rf6 55. Ra7+ Rf7 56. Ra1 ({Weaker is} 56. Rxf7+ Kxf7 57. Bh7 Kg7 $11) 56... Kh6 57. Ra5 Rf6 58. Rb5 Kg7 59. Bf3 Kh6 60. Kf2 Rd6 61. Kg3 Rg6+ 62. Bg4 Ra6 63. Bf5 Ra3+ 64. Kf4 Ra2 65. Rb7 Rf2+ 66. Kg4 Rg2+ 67. Kh3 Ra2 68. Be4 Kg5 69. Bf3 Ra1 70. Kg3 Ra2 71. Rb6 Ra3 72. h4+ Kf5 73. Rb5+ Kg6 74. Kf4 Ra1 75. Rb6+ Kg7 76. Rb7+ Kf6 77. Rb6+ Kg7 78. Bg4 Ra7 79. Kg5 Ra5+ 80. Bf5 Ra7 81. Rg6+ Kh8 82. Rh6+ Kg8 83. Be6+ Kg7 84. Rg6+ Kh8 85. Bf5 Rg7 86. h5 Ra7 87. Rb6 Kg8 88. Bg6 Ra5+ 89. Kf6 Ra8 90. Bf5 Kh8 91. Rb7 Rf8+ 92. Kg6 Rg8+ 93. Kh6 {[%csl Gf5,Gh6][%cal Rb7h7] [#]} Rg7 94. Rb1 Rh7+ 95. Kg5 Rg7+ 96. Bg6 Rg8 97. Rb2 Ra8 98. Rb6 Rc8 99. Rd6 Rb8 100. Rd7 Kg8 101. Kh6 Ra8 102. Rg7+ Kf8 103. Rh7 Ra1 104. Rh8+ Ke7 105. Re8+ Kf6 106. Rf8+ Ke7 107. Rf2 {Weighted Error Value: White=0.20 (precise) /Black=0.19 (very precise)} 1-0